[Event "Hessen-ch Seniors op 05th"]
[Site "Bad Sooden-Allendorf"]
[Date "2009.05.03"]
[Round "9"]
[White "Kloos, Gerhard"]
[Black "Wieprecht, Gerhard"]
[Result "1/2-1/2"]
[WhiteElo "1631"]
[BlackElo "1734"]
[PlyCount "33"]
[EventDate "2009.04.25"]
[EventType "swiss"]
[EventRounds "9"]
[EventCountry "GER"]
[SourceTitle "EXT 2022"]
[Source "ChessBase"]
[SourceDate "2021.10.06"]
[SourceVersion "1"]
[SourceVersionDate "2021.10.06"]
[SourceQuality "1"]

1. d4 Nf6 2. Nf3 e6 3. Bg5 d5 4. e3 Nbd7 5. Bd3 Be7 6. 0-0 0-0 7. Nbd2 c5 8. c3 b6 9. Re1 Bb7 10. h3 h6 11. Bf4 Ne4 12. Qc2 f5 13. Ne5 g5 14. Nxd7 Qxd7 15. Be5 Bd6 16. Bxd6 Qxd6 17. Nf3 1/2-1/2

[Event "Niedersachsen-ch Seniors op 11th"]
[Site "Bad Bevensen"]
[Date "2008.07.13"]
[Round "6"]
[White "Wittmann, Georg"]
[Black "Kloos, Gerhard"]
[Result "1/2-1/2"]
[WhiteElo "1760"]
[BlackElo "1626"]
[PlyCount "31"]
[EventDate "2008.07.08"]
[EventType "swiss"]
[EventRounds "9"]
[EventCountry "GER"]
[SourceTitle "EXT 2022"]
[Source "ChessBase"]
[SourceDate "2021.10.06"]
[SourceVersion "1"]
[SourceVersionDate "2021.10.06"]
[SourceQuality "1"]

1. c4 Nf6 2. Nc3 g6 3. d4 Bg7 4. e4 d6 5. f4 0-0 6. Nf3 c5 7. d5 Na6 8. Be2 Bd7 9. 0-0 Ne8 10. Be3 f5 11. e5 dxe5 12. fxe5 f4 13. Bd2 e6 14. Ne4 Qc8 15. Nfg5 Bxe5 16. Qc1 1/2-1/2

[Event "Niedersachsen-ch Seniors op 11th"]
[Site "Bad Bevensen"]
[Date "2008.07.12"]
[Round "5"]
[White "Kloos, Gerhard"]
[Black "Freerksen, Uwe"]
[Result "1/2-1/2"]
[WhiteElo "1626"]
[BlackElo "1262"]
[PlyCount "58"]
[EventDate "2008.07.08"]
[EventType "swiss"]
[EventRounds "9"]
[EventCountry "GER"]
[SourceTitle "EXT 2022"]
[Source "ChessBase"]
[SourceDate "2021.10.06"]
[SourceVersion "1"]
[SourceVersionDate "2021.10.06"]
[SourceQuality "1"]

1. d4 d5 2. c4 Nf6 3. Nc3 e6 4. Bg5 h6 5. Bh4 Be7 6. e3 0-0 7. Nf3 c5 8. Bd3 cxd4 9. exd4 Nc6 10. 0-0 Re8 11. Re1 Nh7 12. Bxe7 Nxe7 13. Qc2 Nf6 14. Rad1 b6 15. Ne5 Bb7 16. cxd5 Nexd5 17. a3 Rc8 18. Qd2 a6 19. Nxd5 exd5 20. Bf5 Rc7 21. Rc1 Ree7 22. Rxc7 Qxc7 23. Rc1 Qd6 24. f3 Ne8 25. Bd3 b5 26. b4 Qb6 27. Rc5 Qf6 28. Qc2 g5 29. Qc3 Qe6 1/2-1/2

[Event "Hessen-ch Seniors op 04th"]
[Site "Bad Sooden-Allendorf"]
[Date "2008.04.27"]
[Round "4"]
[White "Anker, Dieter"]
[Black "Kloos, Gerhard"]
[Result "1-0"]
[WhiteElo "1684"]
[BlackElo "1572"]
[PlyCount "65"]
[EventDate "2008.04.24"]
[EventType "swiss"]
[EventRounds "9"]
[EventCountry "GER"]
[SourceTitle "EXT 2022"]
[Source "ChessBase"]
[SourceDate "2021.10.06"]
[SourceVersion "1"]
[SourceVersionDate "2021.10.06"]
[SourceQuality "1"]

1. e4 g6 2. Bc4 c6 3. Nc3 Bg7 4. d4 e6 5. Bb3 d5 6. e5 b5 7. f4 Ne7 8. Nf3 a5 9. a3 Ba6 10. Ne2 a4 11. Ba2 Nd7 12. 0-0 Qb6 13. Rf2 c5 14. c3 c4 15. Bd2 Bb7 16. Qc2 Ba6 17. Raf1 Bb7 18. Bb1 Bc6 19. g4 Bb7 20. Ng3 Rg8 21. Kh1 0-0-0 22. f5 gxf5 23. gxf5 exf5 24. Nxf5 Nxf5 25. Qxf5 Qg6 26. Qh3 Qe6 27. Bf5 Qe8 28. Bg5 Kc7 29. Bxd8+ Qxd8 30. Bxd7 Qxd7 31. Qxh7 Qd8 32. Ng5 Bxe5 33. Ne6+ 1-0

[Event "Niedersachsen-ch Seniors op 10th"]
[Site "Bad Bevensen"]
[Date "2007.07.11"]
[Round "9"]
[White "Kloos, Gerhard"]
[Black "Schneider, Miloca"]
[Result "0-1"]
[WhiteElo "1573"]
[BlackElo "1663"]
[PlyCount "48"]
[EventDate "2007.07.03"]
[EventType "swiss"]
[EventRounds "9"]
[EventCountry "GER"]
[SourceTitle "EXT 2022"]
[Source "ChessBase"]
[SourceDate "2021.10.06"]
[SourceVersion "1"]
[SourceVersionDate "2021.10.06"]
[SourceQuality "1"]

1. d4 Nf6 2. Nf3 e6 3. Bg5 d5 4. Nbd2 Be7 5. e3 Nbd7 6. Bd3 0-0 7. c3 c6 8. Qb1 h6 9. Bh4 Re8 10. 0-0 Nf8 11. Ne5 N6d7 12. Bxe7 Qxe7 13. Nxd7 Bxd7 14. Nf3 f6 15. e4 e5 16. dxe5 fxe5 17. Qc1 Qf6 18. Qe3 Bg4 19. Kh1 g5 20. Be2 Ng6 21. exd5 cxd5 22. Nd2 Be6 23. Qg3 Nf4 24. Rad1 Nxe2 0-1

[Event "Niedersachsen-ch Seniors op 10th"]
[Site "Bad Bevensen"]
[Date "2007.07.08"]
[Round "6"]
[White "Wolf, Margot"]
[Black "Kloos, Gerhard"]
[Result "1/2-1/2"]
[WhiteElo "1328"]
[BlackElo "1573"]
[PlyCount "77"]
[EventDate "2007.07.03"]
[EventType "swiss"]
[EventRounds "9"]
[EventCountry "GER"]
[SourceTitle "EXT 2022"]
[Source "ChessBase"]
[SourceDate "2021.10.06"]
[SourceVersion "1"]
[SourceVersionDate "2021.10.06"]
[SourceQuality "1"]

1. d4 Nf6 2. Nf3 g6 3. Bf4 d6 4. e3 Bg7 5. c3 0-0 6. Bd3 c6 7. 0-0 Nh5 8. Bg3 Nxg3 9. hxg3 Bg4 10. Be2 Nd7 11. Nbd2 d5 12. Nh2 Bxe2 13. Qxe2 b5 14. a3 a5 15. e4 e6 16. e5 Qb6 17. f4 Rfe8 18. Qf2 c5 19. dxc5 Qxc5 20. Qxc5 Nxc5 21. Rf3 a4 22. Ng4 h5 23. Nf2 Rac8 24. Nd3 Nxd3 25. Rxd3 Bf8 26. Nf3 Rc7 27. Nd4 Bc5 28. Kh2 Bxd4 29. Rxd4 Rc4 30. Rad1 Rec8 31. Kh1 Kf8 32. Kh2 Ke7 33. Kh3 f6 34. exf6+ Kxf6 35. Kh4 Rxd4 36. Rxd4 Rc4 37. Rxc4 bxc4 38. g4 hxg4 39. Kxg4 1/2-1/2

[Event "Niedersachsen-ch Seniors op 10th"]
[Site "Bad Bevensen"]
[Date "2007.07.07"]
[Round "5"]
[White "Kloos, Gerhard"]
[Black "Luebbers, Doris"]
[Result "1/2-1/2"]
[WhiteElo "1573"]
[BlackElo "1366"]
[PlyCount "72"]
[EventDate "2007.07.03"]
[EventType "swiss"]
[EventRounds "9"]
[EventCountry "GER"]
[SourceTitle "EXT 2022"]
[Source "ChessBase"]
[SourceDate "2021.10.06"]
[SourceVersion "1"]
[SourceVersionDate "2021.10.06"]
[SourceQuality "1"]

1. Nf3 d5 2. d4 Nf6 3. e3 Bf5 4. Nc3 c6 5. Bd3 Bxd3 6. Qxd3 e6 7. 0-0 Be7 8. Re1 0-0 9. e4 dxe4 10. Nxe4 Nxe4 11. Qxe4 Nd7 12. c3 Nf6 13. Qe2 Re8 14. Bf4 Bd6 15. Bxd6 Qxd6 16. Qe5 Rad8 17. Qxd6 Rxd6 18. h3 h6 19. Re2 Rd7 20. Rae1 Rde7 21. Ne5 Nd5 22. g3 Nf6 23. Kg2 Nd7 24. f4 Nxe5 25. fxe5 Rf8 26. Rf2 Rd7 27. Re4 Kh7 28. g4 Re7 29. h4 Kg8 30. h5 Kh7 31. Kh3 Kg8 32. Rf3 Kh7 33. Re2 Kg8 34. Rg2 Kh7 35. Rfg3 Rg8 36. Rf2 Rf8 1/2-1/2

[Event "Hessen-ch Seniors op 03rd"]
[Site "Bad Sooden-Allendorf"]
[Date "2007.05.06"]
[Round "9"]
[White "Lueders, Guenter"]
[Black "Kloos, Gerhard"]
[Result "1-0"]
[WhiteElo "1667"]
[BlackElo "1605"]
[PlyCount "55"]
[EventDate "2007.04.27"]
[EventType "swiss"]
[EventRounds "9"]
[EventCountry "GER"]
[SourceTitle "EXT 2022"]
[Source "ChessBase"]
[SourceDate "2021.10.06"]
[SourceVersion "1"]
[SourceVersionDate "2021.10.06"]
[SourceQuality "1"]

1. d4 Nf6 2. Nf3 g6 3. h3 Bg7 4. Bf4 d6 5. e3 0-0 6. Be2 c6 7. Nbd2 b5 8. 0-0 a5 9. a3 Nh5 10. Bh2 f5 11. c3 Nf6 12. Qb3+ e6 13. c4 a4 14. Qc2 bxc4 15. Nxc4 Ne8 16. Rfd1 Rf7 17. Bf1 Rb7 18. Rab1 Rb3 19. Nfd2 Rb7 20. Be2 Re7 21. Bf3 Qc7 22. b4 e5 23. dxe5 Bxe5 24. Nxe5 dxe5 25. b5 Bb7 26. bxc6 Bxc6 27. Rdc1 Bxf3 28. Qa2+ 1-0

[Event "Hessen-ch Seniors op 02nd"]
[Site "Bad Sooden-Allendorf"]
[Date "2006.05.07"]
[Round "6"]
[White "Kloos, Gerhard"]
[Black "Fritsch, Wolfgang"]
[Result "1-0"]
[WhiteElo "1574"]
[BlackElo "1673"]
[PlyCount "97"]
[EventDate "2006.04.25"]
[EventType "swiss"]
[EventRounds "9"]
[EventCountry "GER"]
[SourceTitle "EXT 2007"]
[Source "ChessBase"]
[SourceDate "2006.11.23"]
[SourceVersion "1"]
[SourceVersionDate "2006.11.23"]
[SourceQuality "1"]

1. d4 Nf6 2. c4 e6 3. Nc3 d5 4. e3 Nbd7 5. Nf3 b6 6. cxd5 Nxd5 7. Nxd5 exd5 8. Bd3 Nf6 9. 0-0 Bd6 10. Qc2 0-0 11. h3 Re8 12. Bd2 Bd7 13. Bc3 Ne4 14. Bxe4 Rxe4 15. Rfe1 Re6 16. Ne5 Be8 17. Qd1 f6 18. Nd3 c6 19. Nf4 Re7 20. a3 a5 21. b4 axb4 22. Bxb4 Rea7 23. Bxd6 Qxd6 24. a4 b5 25. Nd3 Rxa4 26. Rxa4 Rxa4 27. Nc5 Ra8 28. Qb3 Bf7 29. Qb2 Qb8 30. Rb1 Qa7 31. Qc3 Be8 32. Kh2 Kf7 33. Kg1 h6 34. Kh2 Qa2 35. Kg3 Qa7 36. Kh2 f5 37. g3 Kf6 38. Qb4 g5 39. Kg2 h5 40. Kh2 h4 41. gxh4 gxh4 42. Kg2 Qe7 43. Qd2 Bh5 44. Kg1 Qf8 45. Nd3 Bf3 46. Kf1 Qg7 47. Qb4 Qg2+ 48. Ke1 Qh1+ 49. Kd2 1-0

[Event "Hessen-ch Seniors op 02nd"]
[Site "Bad Sooden-Allendorf"]
[Date "2006.04.27"]
[Round "3"]
[White "Staller, Peter"]
[Black "Kloos, Gerhard"]
[Result "1-0"]
[WhiteElo "2204"]
[BlackElo "1574"]
[PlyCount "37"]
[EventDate "2006.04.25"]
[EventType "swiss"]
[EventRounds "9"]
[EventCountry "GER"]
[SourceTitle "EXT 2007"]
[Source "ChessBase"]
[SourceDate "2006.11.23"]
[SourceVersion "1"]
[SourceVersionDate "2006.11.23"]
[SourceQuality "1"]

1. Nf3 Nf6 2. g3 g6 3. Bg2 Bg7 4. c4 0-0 5. 0-0 d6 6. d4 c6 7. Nc3 a5 8. h3 Nbd7 9. e4 e5 10. Be3 h6 11. Qd2 Kh7 12. Rad1 Qc7 13. Rfe1 Ne8 14. Qc2 exd4 15. Nxd4 Ne5 16. b3 Be6 17. f4 Nd7 18. f5 Bxd4 19. Bxd4 1-0

[Event "Hessen-ch Seniors op 02nd"]
[Site "Bad Sooden-Allendorf"]
[Date "2006.04.26"]
[Round "2"]
[White "Kloos, Gerhard"]
[Black "Mentel, Juergen"]
[Result "1/2-1/2"]
[WhiteElo "1574"]
[BlackElo "1949"]
[PlyCount "70"]
[EventDate "2006.04.25"]
[EventType "swiss"]
[EventRounds "9"]
[EventCountry "GER"]
[SourceTitle "EXT 2007"]
[Source "ChessBase"]
[SourceDate "2006.11.23"]
[SourceVersion "1"]
[SourceVersionDate "2006.11.23"]
[SourceQuality "1"]

1. d4 d6 2. e4 Nf6 3. Nc3 c6 4. Be2 g6 5. Be3 Bg7 6. Qd2 h5 7. h3 Nbd7 8. Nf3 Qa5 9. 0-0 c5 10. e5 dxe5 11. dxe5 Nh7 12. Bf4 e6 13. Bb5 a6 14. Bxd7+ Bxd7 15. Ne4 Qxd2 16. Nfxd2 b6 17. Nd6+ Ke7 18. h4 f6 19. exf6+ Bxf6 20. N2e4 Bxh4 21. Rad1 Ra7 22. g3 Bf6 23. Nxf6 Kxf6 24. Rfe1 Ke7 25. Nc4 b5 26. Bd6+ Ke8 27. Ne5 Ng5 28. f4 Nf7 29. Nxf7 Kxf7 30. Bxc5 Rc7 31. Bd4 Rhc8 32. c3 Bc6 33. a3 Bf3 34. Rd2 Rd7 35. Kf2 Bg4 1/2-1/2

[Event "Hessen-ch Seniors op 02nd"]
[Site "Bad Sooden-Allendorf"]
[Date "2006.04.25"]
[Round "1"]
[White "Kahn, Manfred"]
[Black "Kloos, Gerhard"]
[Result "0-1"]
[WhiteElo "2022"]
[BlackElo "1574"]
[PlyCount "52"]
[EventDate "2006.04.25"]
[EventType "swiss"]
[EventRounds "9"]
[EventCountry "GER"]
[SourceTitle "EXT 2007"]
[Source "ChessBase"]
[SourceDate "2006.11.23"]
[SourceVersion "1"]
[SourceVersionDate "2006.11.23"]
[SourceQuality "1"]

1. d4 Nf6 2. Bg5 c5 3. d5 d6 4. Nc3 g6 5. e4 Bg7 6. f4 0-0 7. Nf3 h6 8. Bh4 Qa5 9. Qd2 a6 10. e5 dxe5 11. fxe5 Ng4 12. Bg3 Nd7 13. e6 fxe6 14. dxe6 Nde5 15. Nxe5 Nxe5 16. Be2 Nc6 17. Bc4 b5 18. Bd5 Bb7 19. 0-0-0 c4 20. Rhf1 b4 21. Bxc6 bxc3 22. Rxf8+ Rxf8 23. Qe3 Qb4 24. Rd7 Qxb2+ 25. Kd1 Qb1+ 26. Ke2 Qf1# 0-1

[Event "Bad Sooden-Allendorf Seniors op 16th"]
[Site "Bad Sooden-Allendorf"]
[Date "2004.04.30"]
[Round "9"]
[White "Kloos, Gerhard"]
[Black "Vogel, Gerhard1111"]
[Result "0-1"]
[WhiteElo "1610"]
[BlackElo "1390"]
[PlyCount "70"]
[EventDate "2004.04.22"]
[EventType "swiss"]
[EventRounds "9"]
[EventCountry "GER"]
[SourceTitle "EXT 2006"]
[Source "ChessBase"]
[SourceDate "2005.11.24"]
[SourceVersion "1"]
[SourceVersionDate "2005.11.24"]
[SourceQuality "1"]

1. d4 Nf6 2. c4 g6 3. Nc3 Bg7 4. e4 d6 5. f3 0-0 6. Be3 Nbd7 7. Qd2 e5 8. d5 a6 9. h4 h5 10. Bh6 Kh7 11. Bxg7 Kxg7 12. g4 Rh8 13. g5 Nh7 14. Nh3 f6 15. gxf6+ Qxf6 16. Qf2 Nc5 17. b4 Nd7 18. Ne2 Rf8 19. Bg2 Nb6 20. Rc1 Bd7 21. Qg3 Rf7 22. Ng5 Nxg5 23. hxg5 Qe7 24. Rh4 Raf8 25. Kd2 Bc8 26. Rc3 Na4 27. Re3 c6 28. Bh3 Bxh3 29. Rxh3 c5 30. a3 Qc7 31. Nc3 Nb2 32. Ke2 Nxc4 33. Rd3 Nxa3 34. b5 Nxb5 35. Nxb5 axb5 0-1

[Event "Kaiserbrunnen op 1st"]
[Site "Brakel"]
[Date "2003.10.31"]
[Round "8"]
[White "Aigner, Georg"]
[Black "Kloos, Gerhard"]
[Result "1-0"]
[WhiteElo "2112"]
[BlackElo "1657"]
[PlyCount "63"]
[EventDate "2003.07.??"]
[EventType "swiss"]
[EventRounds "9"]
[EventCountry "GER"]
[SourceTitle "EXT 2006"]
[Source "ChessBase"]
[SourceDate "2005.11.24"]
[SourceVersion "1"]
[SourceVersionDate "2005.11.24"]
[SourceQuality "1"]

1. e4 d6 2. d4 g6 3. Nf3 Bg7 4. c3 Nf6 5. Bd3 0-0 6. Bg5 Nbd7 7. Nbd2 e5 8. 0-0 h6 9. Bh4 g5 10. Bg3 Nh5 11. Bc4 Nf4 12. Re1 Qe7 13. Nf1 Nf6 14. Ne3 c6 15. Nf5 Bxf5 16. exf5 N6h5 17. Nxe5 Bxe5 18. dxe5 dxe5 19. Bxf4 Nxf4 20. g3 Rad8 21. Qf3 Nd5 22. Rad1 Qf6 23. Bxd5 cxd5 24. Rxd5 Rxd5 25. Qxd5 Re8 26. Qxb7 Qxf5 27. Qxa7 h5 28. Qa4 Re6 29. Qe4 Qf6 30. c4 Qe7 31. a3 Qf8 32. Qd5 1-0

[Event "Kaiserbrunnen op 1st"]
[Site "Brakel"]
[Date "2003.10.31"]
[Round "6"]
[White "Kloos, Gerhard"]
[Black "Thonig, Manfred"]
[Result "0-1"]
[WhiteElo "1657"]
[BlackElo "1521"]
[PlyCount "86"]
[EventDate "2003.07.??"]
[EventType "swiss"]
[EventRounds "9"]
[EventCountry "GER"]
[SourceTitle "EXT 2006"]
[Source "ChessBase"]
[SourceDate "2005.11.24"]
[SourceVersion "1"]
[SourceVersionDate "2005.11.24"]
[SourceQuality "1"]

1. d4 f5 2. g3 b6 3. Bg2 Nc6 4. Nf3 Bb7 5. 0-0 Nf6 6. c3 e6 7. Bg5 Be7 8. Nbd2 0-0 9. Ne5 Rb8 10. Nxc6 Bxc6 11. Bxc6 dxc6 12. Bxf6 Rxf6 13. Nf3 Rh6 14. c4 Qe8 15. e3 Qh5 16. Nh4 Bxh4 17. Qxh5 Rxh5 18. gxh4 Rxh4 19. Kh1 f4 20. Rg1 Rf8 21. Rg2 Rf5 22. Rag1 g6 23. Rg5 fxe3 24. Rxf5 exf5 25. fxe3 Kf7 26. Re1 Re4 27. Kg2 g5 28. h3 h5 29. Kf2 Kf6 30. b3 f4 31. exf4 Rxf4+ 32. Kg3 h4+ 33. Kg2 Rxd4 34. Rf1+ Ke5 35. Rf8 Rd2+ 36. Kf3 Rxa2 37. Re8+ Kd4 38. Re4+ Kc3 39. Re3+ Kb4 40. Kg4 Rg2+ 41. Kf5 Rg3 42. Ke4 Rxe3+ 43. Kxe3 Kxb3 0-1

[Event "Bad Sooden-Allendorf Seniors op 15th"]
[Site "Bad Sooden-Allendorf"]
[Date "2003.05.02"]
[Round "5"]
[White "Kloos, Gerhard"]
[Black "Janssen, Helmut"]
[Result "0-1"]
[WhiteElo "1664"]
[BlackElo "1931"]
[PlyCount "66"]
[EventDate "2003.05.??"]
[EventType "swiss"]
[EventRounds "9"]
[EventCountry "GER"]
[SourceTitle "EXT 2006"]
[Source "ChessBase"]
[SourceDate "2005.11.24"]
[SourceVersion "1"]
[SourceVersionDate "2005.11.24"]
[SourceQuality "1"]

1. d4 Nf6 2. c4 e6 3. Nc3 d5 4. cxd5 exd5 5. e3 Bf5 6. Nf3 Be7 7. Be2 c6 8. Ne5 Nbd7 9. Nxd7 Qxd7 10. f3 0-0 11. Bd3 Rfe8 12. Qc2 Bxd3 13. Qxd3 Rad8 14. Bd2 c5 15. 0-0 c4 16. Qc2 b5 17. a3 Bd6 18. Ne2 Rc8 19. Qb1 a5 20. Ng3 g6 21. Qe1 b4 22. axb4 axb4 23. Kf2 Rb8 24. Qc1 h5 25. Rh1 h4 26. Nf1 Qf5 27. Ra6 Re6 28. Qa1 Ne4+ 29. Kg1 Nxd2 30. Nxd2 Qd3 31. Nf1 c3 32. bxc3 bxc3 33. Rxd6 Rxd6 0-1

[Event "Wch Seniors 12th"]
[Site "Naumburg"]
[Date "2002.11.01"]
[Round "10"]
[White "Kloos, Gerhard"]
[Black "Duemmke, Juergen"]
[Result "0-1"]
[WhiteElo "1672"]
[BlackElo "2191"]
[PlyCount "64"]
[EventDate "2002.10.21"]
[EventType "swiss"]
[EventRounds "11"]
[EventCountry "GER"]
[SourceTitle "EXT 2006"]
[Source "ChessBase"]
[SourceDate "2005.11.24"]
[SourceVersion "1"]
[SourceVersionDate "2005.11.24"]
[SourceQuality "1"]

1. d4 Nf6 2. c4 g6 3. Nc3 d5 4. cxd5 Nxd5 5. e4 Nxc3 6. bxc3 Bg7 7. Nf3 c5 8. Rb1 0-0 9. Be2 Nc6 10. d5 Ne5 11. Nxe5 Bxe5 12. Bd2 e6 13. f4 Bg7 14. dxe6 Bxe6 15. 0-0 b6 16. Qc2 f5 17. e5 Qd7 18. Be3 Qf7 19. c4 Rfd8 20. Rfd1 g5 21. g3 gxf4 22. gxf4 Kh8 23. Kh1 Qb7+ 24. Kg1 Bh6 25. Kf2 Qe7 26. Rxd8+ Rxd8 27. Kg3 Rg8+ 28. Kh3 Qb7 29. Bd1 Bxc4 30. Qf2 Bd5 31. Rb2 Bg2+ 32. Qxg2 Rxg2 0-1